000 01126nam a2200277Ia 4500
003 OSt
005 20220923211536.0
006 a|||||r|||| 00| 0
007 ta
008 220922b |||||||| |||| 00| 0 hin d
020 _a9789382554820 (hbk)
_c400
024 _a324,647
037 _b383, 10/03/2018, Eastern Book Linkers
_cTextual
040 _aARTS
_cARTS
_bhin
041 _2hin
_ahin
082 _aO152,3N05:g(S), Q7
100 _aथॉमस, जॉनसी, ले.
245 0 _aजैनेन्द्र कुमार के कथा - साहित्य का मनोवैज्ञानिक पहलू
246 _aJainendra kumār ke kathā - sāhitya kā hinovaijnyānik pahalū
260 _aदिल्ली
_b अद्वैत प्रकाशन
_c2017
300 _a208पृ.
_ccm.
650 _a हिन्दी साहित्य
_9156264
650 _aहिन्दी कहानी
942 _hO152,3N05:g(S), Q7
_cTEXL
_2CC
999 _c300605
_d300605